| 000 | nam a22 7a 4500 | ||
|---|---|---|---|
| 999 |
_c19089 _d19089 |
||
| 008 | 170114b xxu||||| |||| 00| 0 eng d | ||
| 050 |
_aNA31 _b .C28 1984 |
||
| 100 | _aCampara,Esref | ||
| 245 |
_aMeđunarodni rječnik arhitekture, građevinarstva i urbanizma : _bhrvatski ili srpski-francuski-engleski-njemački-ruski/ _cEšref Čampara |
||
| 260 |
_aZagreb : _bGrafički zavod Hrvatske, _cc 1984. |
||
| 300 |
_axviii,956p. : _c24cm. |
||
| 650 |
_a Architecture _x Dictionaries _yPolyglot. |
||
| 942 |
_2lcc _cBOOKS _hNA31 .C28 1984 |
||